[Event "ICS rated blitz match"]
[Site "204.178.125.65"]
[Date "2001.01.31"]
[Round "?"]
[White "Gorsher"]
[Black "Hossa"]
[Result "0-1"]
[WhiteElo "2562"]
[BlackElo "2560"]
[PlyCount "68"]
[EventDate "2001.??.??"]

1. d4 d5 2. c4 e6 3. Nc3 c6 4. e3 Bd6 5. Nf3 Ne7 6. Bd3 dxc4 7. Bxc4 O-O 8. e4
b5 9. Bd3 Nd7 10. e5 Bc7 11. Bxh7+ Kxh7 12. Ng5+ Kg6 13. Qd3+ Nf5 14. g4 Nxe5
15. gxf5+ exf5 16. Qe2 Qxd4 17. Be3 Qc4 18. Rg1 Qxe2+ 19. Kxe2 Ng4 20. h3 f4
21. hxg4 fxe3 22. Nge4 exf2 23. Nxf2 Re8+ 24. Kf3 Be5 25. Nfe4 b4 26. Na4 Bd4
27. Rgd1 Bxg4+ 28. Kxg4 Rxe4+ 29. Kf3 Rae8 30. Rac1 Re3+ 31. Kg2 Re2+ 32. Kf1
Rf2+ 33. Kg1 Be3 34. Rxc6+ Rf6+ {Gorsher resigns} 0-1

[Event "ICS rated blitz match"]
[Site "204.178.125.65"]
[Date "2001.01.31"]
[Round "?"]
[White "QuarkX"]
[Black "Hossa"]
[Result "1-0"]
[WhiteElo "2418"]
[BlackElo "2576"]
[PlyCount "95"]
[EventDate "2001.??.??"]

1. e4 Nf6 2. e5 Nd5 3. Nc3 Nxc3 4. bxc3 d6 5. f4 Bf5 6. Nf3 dxe5 7. fxe5 Qd5 8.
d4 e6 9. Bd3 Bxd3 10. Qxd3 Be7 11. c4 Qd7 12. Rb1 b6 13. O-O Nc6 14. Bf4 f5 15.
exf6 gxf6 16. Qe4 O-O-O 17. c3 h5 18. Rfe1 e5 19. Bxe5 Rde8 20. Bg3 Bd6 21. Qg6
Ne7 22. Qxf6 Bxg3 23. hxg3 Rhf8 24. Qg5 Rf5 25. Qg7 Kb8 26. Re2 Rff8 27. Rbe1
Rg8 28. Qf7 Rgf8 29. Qxh5 Qd6 30. Re6 Qd7 31. Qh7 Rh8 32. Qe4 Ref8 33. Rxe7 Qc8
34. Ne5 a6 35. c5 b5 36. Nc6+ Ka8 37. Nb4+ Qb7 38. Nxa6 Qxe4 39. Nxc7+ Kb8 40.
R1xe4 Rhg8 41. Nxb5 Ka8 42. Ra7+ Kb8 43. Re6 Rg6 44. Rxg6 Kc8 45. Rc7+ Kd8 46.
Ra6 Rf1+ 47. Kxf1 Ke8 48. Ra8# {Hossa checkmated} 1-0

[Event "ICS rated blitz match"]
[Site "204.178.125.65"]
[Date "2001.01.31"]
[Round "?"]
[White "Hossa"]
[Black "Kob"]
[Result "1-0"]
[WhiteElo "2563"]
[BlackElo "2150"]
[PlyCount "53"]
[EventDate "2001.??.??"]

1. e4 d6 2. d4 Nf6 3. Nc3 g6 4. f4 Bg7 5. Nf3 O-O 6. Bd3 c6 7. O-O Nbd7 8. e5
dxe5 9. fxe5 Nd5 10. Nxd5 cxd5 11. a4 f6 12. e6 Nb6 13. Qe2 Qd6 14. a5 Nc4 15.
b3 Ne5 16. dxe5 fxe5 17. Ba3 Qxe6 18. Ng5 Qc6 19. Bxe7 Rxf1+ 20. Rxf1 e4 21.
Bb5 Qc7 22. Bb4 Bf5 23. Qd1 Rd8 24. Rxf5 gxf5 25. Ne6 Qc8 26. Nxd8 Qxd8 27. Bc4
{Kob resigns} 1-0

[Event "ICS rated blitz match"]
[Site "204.178.125.65"]
[Date "2001.01.31"]
[Round "?"]
[White "Kob"]
[Black "Hossa"]
[Result "0-1"]
[WhiteElo "2147"]
[BlackElo "2566"]
[PlyCount "32"]
[EventDate "2001.??.??"]

1. f4 Nf6 2. Nf3 g6 3. g3 Bg7 4. Bg2 d5 5. O-O O-O 6. d3 d4 7. Nbd2 Nd5 8. Nc4
b5 9. e4 dxe3 10. Nxe3 Bxb2 11. Bxb2 Nxe3 12. Qe2 Nxf1 13. Ne5 Nxg3 14. hxg3 c6
15. Nxc6 Nxc6 16. Bxc6 Qb6+ {Kob resigns} 0-1

[Event "ICS Rated blitz match"]
[Site "204.178.125.65"]
[Date "2001.02.12"]
[Round "?"]
[White "Hossa"]
[Black "Amateur"]
[Result "0-1"]
[WhiteElo "2653"]
[BlackElo "2461"]
[PlyCount "124"]
[EventDate "2001.??.??"]

1. e4 e5 2. Nf3 Nf6 3. Nxe5 d6 4. Nf3 Nxe4 5. d4 d5 6. Bd3 Bf5 7. O-O Nc6 8.
Re1 Be7 9. Nc3 Nxc3 10. bxc3 Bxd3 11. cxd3 O-O 12. Rb1 Rb8 13. Bf4 Bd6 14. Qd2
Ne7 15. Bxd6 Qxd6 16. Re3 Rfd8 17. Rbe1 Nc6 18. Qe2 Qa3 19. Nd2 a5 20. Nb1 Qd6
21. Qg4 b5 22. Rg3 Qh6 23. Rh3 Qg6 24. Qf4 Qd6 25. Qh4 h6 26. Rg3 Re8 27. Rge3
Rxe3 28. fxe3 b4 29. Qf2 b3 30. axb3 Rxb3 31. e4 Rb8 32. Rf1 Nd8 33. c4 dxc4
34. dxc4 Qe7 35. Qe3 Rb4 36. Na3 a4 37. Qe2 Ne6 38. Qf2 Rb3 39. Nb1 a3 40. Nd2
Rb2 41. c5 a2 42. e5 c6 43. h3 Qd7 44. d5 cxd5 45. c6 Qxc6 46. h4 Qc5 47. Qxc5
Nxc5 48. e6 fxe6 49. Kh2 Rxd2 50. Kh3 Nb3 51. Re1 e5 52. g3 h5 53. g4 Rd3+ 54.
Kg2 hxg4 55. Kf2 Rc3 56. Kg2 Rc1 57. Rxe5 a1=Q 58. Re6 Qc3 59. Re8+ Kf7 60.
Rf8+ Kxf8 61. h5 Qe3 62. h6 Qg1# {Hossa checkmated} 0-1

[Event "ICS rated blitz match"]
[Site "204.178.125.65"]
[Date "2001.02.12"]
[Round "?"]
[White "ChesterX"]
[Black "Hossa"]
[Result "1-0"]
[WhiteElo "2647"]
[BlackElo "2629"]
[PlyCount "119"]
[EventDate "2001.??.??"]

1. d4 d5 2. Bg5 Nf6 3. Nc3 Bf5 4. e3 e6 5. Bd3 Bxd3 6. Qxd3 c6 7. e4 dxe4 8.
Nxe4 Qa5+ 9. Bd2 Qc7 10. Nxf6+ gxf6 11. Nf3 Nd7 12. O-O O-O-O 13. a4 h5 14. a5
Ne5 15. Qc3 Nxf3+ 16. Qxf3 Bd6 17. a6 b6 18. Qxf6 Bxh2+ 19. Kh1 h4 20. c4 c5
21. f4 Bg3 22. dxc5 Qxc5 23. Rf3 Rh7 24. Be3 Qc7 25. Qg5 f5 26. c5 bxc5 27. Qg6
Qd7 28. Rc1 Rg7 29. Qf6 Rdg8 30. Qe5 h3 31. gxh3 Kd8 32. Bxc5 Qd5 33. Qb8+ Kd7
34. Qxa7+ Ke8 35. Qb8+ Kf7 36. Qb7+ Qxb7 37. axb7 Rh7 38. b8=Q Rxh3+ 39. Kg2
Rh2+ 40. Kf1 Rxb8 41. Rxg3 Rh1+ 42. Bg1 Rxb2 43. Rc7+ Kf8 44. Ra3 Rb1+ 45. Ke2
Rb2+ 46. Kd3 Rh3+ 47. Be3 Rb8 48. Kd4 Rh6 49. Ke5 Rd8 50. Bc5+ Kg8 51. Bd6 Rh2
52. Rg3+ Kh8 53. Be7 Re2+ 54. Kf6 Re8 55. Kf7 Rh2 56. Bf6+ Kh7 57. Kxe8+ Kh6
58. Kf7 Rh1 59. Rc8 Rh2 60. Rh8# {Hossa checkmated} 1-0

[Event "ICS rated blitz match"]
[Site "204.178.125.65"]
[Date "2001.02.15"]
[Round "?"]
[White "Hossa"]
[Black "monsoon"]
[Result "1-0"]
[WhiteElo "2576"]
[BlackElo "2415"]
[PlyCount "103"]
[EventDate "2001.??.??"]

1. e4 c5 2. c3 d5 3. exd5 Qxd5 4. d4 Nf6 5. Nf3 e6 6. Be3 cxd4 7. cxd4 Nc6 8.
Nc3 Qd6 9. Bd3 Be7 10. O-O a6 11. Ne4 Nxe4 12. Bxe4 Nb4 13. Ne5 O-O 14. Qf3 Nd5
15. Rac1 f5 16. Bc2 Bf6 17. Nc4 Qc6 18. Bb3 f4 19. Ne5 Qb6 20. Bd2 Qxd4 21. Nd3
g5 22. Rc4 Qb6 23. Rc5 Be7 24. Ra5 Nc7 25. Re5 a5 26. Re4 Rd8 27. Bc4 Bf6 28.
h4 h6 29. hxg5 hxg5 30. Qh5 Nd5 31. Qg6+ Kf8 32. Bxd5 exd5 33. Ne5 Qe6 34. Nd7+
Bxd7 35. Rxe6 Bxe6 36. Qxf6+ Bf7 37. Bxa5 b6 38. Qh6+ Kg8 39. Bxb6 Rd6 40. Qxd6
f3 41. Qe5 Ra4 42. Qxg5+ Kh7 43. Qf6 Kg8 44. Bd4 Rxd4 45. Qxd4 fxg2 46. Re1 Kh7
47. Re7 Kg6 48. Qb6+ Kf5 49. Rxf7+ Kg5 50. Qf6+ Kg4 51. Rg7+ Kh5 52. Qg5# {
monsoon checkmated} 1-0

[Event "ICS rated blitz match"]
[Site "204.178.125.65"]
[Date "2001.02.22"]
[Round "?"]
[White "NonWimp"]
[Black "Hossa"]
[Result "1/2-1/2"]
[WhiteElo "2650"]
[BlackElo "2654"]
[PlyCount "121"]
[EventDate "2001.??.??"]

1. e4 e5 2. Nf3 Nf6 3. Nxe5 d6 4. Nf3 Nxe4 5. d4 d5 6. Bd3 Bf5 7. O-O Nc6 8.
Re1 Be7 9. c4 Nb4 10. Bf1 Nf6 11. Qa4+ Kf8 12. Na3 Nd3 13. Bxd3 Bxd3 14. Qb3
dxc4 15. Nxc4 Be4 16. Bg5 Qd5 17. Qe3 Qxc4 18. Bxf6 Bxf6 19. Qxe4 c6 20. Re3
Rd8 21. Rae1 g6 22. Ra3 a6 23. Rb3 Kg7 24. Rxb7 Rhe8 25. Qb1 Rxe1+ 26. Qxe1
Qxa2 27. Rb6 Qc4 28. b3 Qd5 29. Rxa6 Bxd4 30. Nxd4 Qxd4 31. Rxc6 Qd1 32. Rc1
Qxb3 33. Qe5+ Kg8 34. h3 Rd1+ 35. Rxd1 Qxd1+ 36. Kh2 h5 37. Qf6 Qd2 38. g4 hxg4
39. hxg4 Qe2 40. g5 Qe1 41. Qf4 Qd1 42. Qf6 Qf1 43. Qd8+ Kh7 44. Qd4 Qe1 45.
Kg2 Qe2 46. Qf4 Kg8 47. Kg3 Qe1 48. Kg4 Qg1+ 49. Kh4 Qg2 50. f3 Qh1+ 51. Kg4
Qg1+ 52. Kh4 Qg2 53. Qf6 Kf8 54. Qh8+ Ke7 55. Qe5+ Kd7 56. Qe3 Kd8 57. f4 Qh2+
58. Kg4 Qg2+ 59. Kh4 Qh2+ 60. Kg4 Qg2+ 61. Kh4 {Game drawn by repetition}
1/2-1/2

[Event "ICS rated blitz match"]
[Site "204.178.125.65"]
[Date "2001.02.22"]
[Round "?"]
[White "Hossa"]
[Black "karmark"]
[Result "1-0"]
[WhiteElo "2654"]
[BlackElo "2055"]
[PlyCount "35"]
[EventDate "2001.??.??"]

1. e4 c5 2. Nf3 Nc6 3. Bb5 e6 4. Bxc6 bxc6 5. b3 d6 6. O-O Nf6 7. d3 Be7 8. e5
dxe5 9. Bb2 O-O 10. Nxe5 Qc7 11. Nc4 a5 12. Be5 Qb7 13. Nc3 Nd7 14. f4 Nxe5 15.
fxe5 Rd8 16. Qh5 Bf8 17. Ne4 Qe7 18. Ng5 {karmark resigns} 1-0

[Event "ICS rated blitz match"]
[Site "204.178.125.65"]
[Date "2001.02.22"]
[Round "?"]
[White "monsoon"]
[Black "Hossa"]
[Result "0-1"]
[WhiteElo "2541"]
[BlackElo "2655"]
[PlyCount "80"]
[EventDate "2001.??.??"]

1. d4 e6 2. c4 Bb4+ 3. Nc3 Nf6 4. e3 O-O 5. Bd3 d5 6. Nf3 dxc4 7. Bxc4 a6 8. a4
Nc6 9. O-O b6 10. Na2 Bd6 11. Bd2 Bb7 12. Ng5 Qe7 13. f4 Qd7 14. Qb3 h6 15.
Nxe6 Rfb8 16. Ng5 hxg5 17. fxg5 b5 18. gxf6 bxc4 19. Qxc4 Qg4 20. Rf2 g6 21.
Rc1 Re8 22. Rcf1 Qh4 23. h3 Qg3 24. Rc1 Qh2+ 25. Kf1 Bg3 26. Qc5 Rad8 27. d5
Re5 28. Nb4 Nxb4 29. Qxb4 Bxd5 30. Ke2 Bf3+ 31. Rxf3 Qxg2+ 32. Kd1 Red5 33. Kc2
Rxd2+ 34. Kb1 Be5 35. Rc3 Bxc3 36. Qxc3 Rb8 37. Kc1 Rbxb2 38. Qxb2 Rxb2 39. Rf2
Qxf2 40. Kd1 Rb1# {monsoon checkmated} 0-1

[Event "ICS Rated standard match"]
[Site "204.178.125.65"]
[Date "2001.02.22"]
[Round "?"]
[White "WinChesser"]
[Black "Hossa"]
[Result "1-0"]
[WhiteElo "2185"]
[BlackElo "2338"]
[PlyCount "125"]
[EventDate "2001.??.??"]

1. e4 e5 2. Nf3 Nf6 3. d4 Nxe4 4. Bd3 d5 5. Nxe5 Nd7 6. Nxf7 Kxf7 7. Qh5+ Ke6
8. Qe2 Kf6 9. Qf3+ Ke7 10. Qe2 Ndf6 11. f3 Kf7 12. fxe4 dxe4 13. Bc4+ Ke8 14.
c3 Bg4 15. Qe3 Bd6 16. O-O Rb8 17. Nd2 Qe7 18. h3 Bd7 19. g4 Bc6 20. g5 Nd5 21.
Bxd5 Bxd5 22. c4 Bc6 23. c5 Rd8 24. cxd6 cxd6 25. b3 h6 26. gxh6 Rxh6 27. Qg3
Rf6 28. Ba3 Qe6 29. Rxf6 Qxf6 30. Bb2 Qh6 31. Nc4 b5 32. Ne3 Bd7 33. Rf1 Bxh3
34. Rf4 g5 35. Rxe4+ Kd7 36. Ng4 Bxg4 37. Qxg4+ Kc7 38. Re7+ Kb8 39. Qf5 d5 40.
Ba3 Qc6 41. Qe5+ Ka8 42. Bc5 Rd7 43. Re8+ Kb7 44. Rb8+ Ka6 45. a4 Rb7 46. axb5+
Rxb5 47. Qe2 Qd7 48. b4 Qg4+ 49. Qxg4 Rxb8 50. Qd7 Rb6 51. b5+ Ka5 52. Qxa7+
Kxb5 53. Qxb6+ Kc4 54. Qb4+ Kd3 55. Qb3+ Ke4 56. Kf2 Kf5 57. Qxd5+ Kf6 58. Qe5+
Kg6 59. d5 Kh6 60. Qf6+ Kh5 61. Be7 Kg4 62. Qxg5+ Kh3 63. Qg3# {
Hossa checkmated} 1-0

[Event "ICS Rated standard match"]
[Site "204.178.125.65"]
[Date "2001.02.22"]
[Round "?"]
[White "Hossa"]
[Black "WinChesser"]
[Result "0-1"]
[WhiteElo "2315"]
[BlackElo "2208"]
[PlyCount "94"]
[EventDate "2001.??.??"]

1. e4 c5 2. Nf3 e6 3. d4 cxd4 4. Nxd4 a6 5. Nc3 Qc7 6. Be3 Bb4 7. Bd2 Nf6 8.
Bd3 Nc6 9. a3 Bd6 10. Nf3 O-O 11. O-O b5 12. a4 b4 13. Ne2 Ng4 14. Ng3 Bb7 15.
Qe2 f6 16. Rfd1 Bc5 17. Be1 Rfc8 18. Bc4 Kh8 19. Ba2 a5 20. Bc4 Nce5 21. Nxe5
Nxe5 22. Bb5 d5 23. Rab1 Rd8 24. Rbc1 Rac8 25. Bd2 dxe4 26. Nxe4 Bxe4 27. Qxe4
Rd4 28. Qe2 Ng4 29. Kf1 Qxh2 30. Qxe6 Rcd8 31. c3 bxc3 32. bxc3 Qh4 33. g3 Qh2
34. Qf5 R4d5 35. Qf3 Bxf2 36. Bd7 R5xd7 37. c4 Re8 38. Qg2 Rxd2 39. Rxd2 Ne3+
40. Ke2 Nxg2+ 41. Kd3 Ne1+ 42. Rxe1 Qxg3+ 43. Kc2 Bxe1 44. Rd5 Qc3+ 45. Kb1 Bd2
46. Rxd2 Qxd2 47. c5 Re1# {Hossa checkmated} 0-1

[Event "ICS rated blitz match"]
[Site "204.178.125.65"]
[Date "2001.02.22"]
[Round "?"]
[White "Hossa"]
[Black "ChesterX"]
[Result "0-1"]
[WhiteElo "2666"]
[BlackElo "2627"]
[PlyCount "66"]
[EventDate "2001.??.??"]

1. e4 e6 2. d4 b6 3. Nf3 Bb7 4. Nc3 Bb4 5. Bd3 Nf6 6. Qe2 d5 7. exd5 Nxd5 8.
Bd2 c5 9. Nxd5 Bxd2+ 10. Nxd2 Bxd5 11. dxc5 bxc5 12. O-O O-O 13. Qh5 g6 14. Qh6
Qe7 15. c4 Bb7 16. Be4 Nc6 17. Nb3 Nd4 18. Bxb7 Qxb7 19. Nxd4 cxd4 20. b3 e5
21. Rac1 d3 22. c5 Rac8 23. Rc4 Rfd8 24. Rd1 e4 25. g3 Qd5 26. Ra4 Rxc5 27.
Rxa7 Rc2 28. Qf4 Re2 29. Kf1 d2 30. Qxf7+ Qxf7 31. Rxf7 Re1+ 32. Rxe1 dxe1=Q+
33. Kxe1 Kxf7 {Hossa resigns} 0-1

[Event "ICS rated standard match"]
[Site "204.178.125.65"]
[Date "2001.02.22"]
[Round "?"]
[White "BrazilianMaster"]
[Black "Hossa"]
[Result "1-0"]
[WhiteElo "2636"]
[BlackElo "2294"]
[PlyCount "127"]
[EventDate "2001.??.??"]

1. e4 c5 2. Nf3 d6 3. Bb5+ Nd7 4. d4 Ngf6 5. Nc3 a6 6. Bxd7+ Nxd7 7. O-O e6 8.
dxc5 dxc5 9. e5 Be7 10. Ne4 O-O 11. Bf4 Qb6 12. b3 Rd8 13. Qe2 Qc7 14. Nd6 Nf8
15. Bg5 Ng6 16. Bxe7 Qxe7 17. Rfd1 b6 18. Nxc8 Rdxc8 19. Rd6 b5 20. Rad1 c4 21.
Qe4 cxb3 22. cxb3 Ra7 23. g3 Qe8 24. Qe3 Raa8 25. Nd4 Ne7 26. f4 Nd5 27. Qe1 b4
28. Rd2 Rc5 29. f5 exf5 30. Nxf5 Ne7 31. Nxe7+ Qxe7 32. e6 g6 33. Qe4 Re8 34.
Qxb4 Rc1+ 35. Kg2 fxe6 36. Qe4 Qf8 37. Qd3 a5 38. Rf2 Qe7 39. Rd7 Qc5 40. Qe4
Kh8 41. h4 h5 42. Qxg6 Qc6+ 43. Rf3 Qc2+ 44. Qxc2 Rxc2+ 45. Kh3 Rxa2 46. Rff7
Rb8 47. Rh7+ Kg8 48. Rdg7+ Kf8 49. Ra7 Kg8 50. Rxh5 Rxb3 51. Rg5+ Kf8 52. Rc5
Rb8 53. h5 a4 54. Rcc7 Rf2 55. h6 Rf6 56. h7 Rh6+ 57. Kg4 Rxh7 58. Rxh7 Kg8 59.
Kh5 e5 60. Rhg7+ Kh8 61. Kh6 a3 62. Rh7+ Kg8 63. Rag7+ Kf8 64. Rh8# {
Hossa checkmated} 1-0

[Event "ICS rated blitz match"]
[Site "204.178.125.65"]
[Date "2001.02.22"]
[Round "?"]
[White "JH-Donnol"]
[Black "Hossa"]
[Result "1/2-1/2"]
[WhiteElo "2828"]
[BlackElo "2648"]
[PlyCount "68"]
[EventDate "2001.??.??"]

1. d4 d5 2. c4 e6 3. Nc3 c6 4. e4 dxe4 5. Nxe4 Bb4+ 6. Bd2 Qxd4 7. Bxb4 Qxe4+
8. Be2 Qxg2 9. Qd6 Nd7 10. Bf3 Qg5 11. Qg3 Qxg3 12. hxg3 a5 13. Bd6 Nb6 14. c5
Nc4 15. O-O-O Nxd6 16. cxd6 Nf6 17. Nh3 e5 18. Ng5 h6 19. Bg2 Bf5 20. Rde1 Ng4
21. f3 Nf2 22. Rxe5+ Be6 23. Nxe6 fxe6 24. Rxe6+ Kd7 25. Rhe1 Nd3+ 26. Kd1 Nxe1
27. Bh3 Rhe8 28. Rg6+ Kd8 29. Rxg7 Nxf3 30. Rd7+ Kc8 31. Re7+ Kd8 32. Rd7+ Kc8
33. Re7+ Kd8 34. Rd7+ Kc8 {Game drawn by repetition} 1/2-1/2

[Event "ICS rated blitz match"]
[Site "204.178.125.65"]
[Date "2001.02.22"]
[Round "?"]
[White "Hossa"]
[Black "JH-Donnol"]
[Result "0-1"]
[WhiteElo "2656"]
[BlackElo "2820"]
[PlyCount "86"]
[EventDate "2001.??.??"]

1. d4 Nf6 2. c4 e6 3. Nc3 Bb4 4. Qc2 O-O 5. a3 Bxc3+ 6. Qxc3 b6 7. Bg5 Bb7 8.
f3 h6 9. Bh4 d5 10. e3 Re8 11. cxd5 exd5 12. Ne2 Nc6 13. g4 Qe7 14. Bf2 Na5 15.
Ng3 Nc4 16. Nf5 Qe6 17. b3 Na5 18. Bd3 Rac8 19. h4 c5 20. dxc5 Rxc5 21. Qb2 Nc6
22. Bg3 d4 23. e4 Rc3 24. Bc4 Qd7 25. Qg2 Na5 26. Nd6 Nxc4 27. Nxe8 Re3+ 28.
Kf2 Qxe8 29. bxc4 Bxe4 30. Qh3 Bxf3 31. Rhe1 Ne4+ 32. Kf1 Be2+ 33. Rxe2 Rxe2
34. Be1 Re3 35. Qg2 d3 36. Qb2 Qe6 37. a4 Rf3+ 38. Kg1 d2 39. Qxd2 Nxd2 40. Bf2
Qxg4+ 41. Bg3 Rxg3+ 42. Kf2 Ne4+ 43. Ke1 Rg1# {Hossa checkmated} 0-1

[Event "ICS rated bullet match"]
[Site "204.178.125.65"]
[Date "2001.02.22"]
[Round "?"]
[White "JH-Donnol"]
[Black "Hossa"]
[Result "1-0"]
[WhiteElo "2642"]
[BlackElo "2475"]
[PlyCount "99"]
[EventDate "2001.??.??"]

1. e4 e6 2. d4 b6 3. Bd3 c5 4. Nf3 cxd4 5. Nxd4 Nc6 6. Nxc6 dxc6 7. O-O Bd6 8.
Nd2 Qc7 9. Nf3 Ne7 10. e5 Bxe5 11. Nxe5 Qxe5 12. Re1 Qc7 13. Qh5 Ng6 14. Bxg6
fxg6 15. Qf3 Rf8 16. Qe4 Bd7 17. Qh4 h6 18. Be3 Rf5 19. Qg4 Kf7 20. Rad1 c5 21.
Bf4 Rxf4 22. Rxd7+ Qxd7 23. Qxf4+ Ke7 24. Qe4 Rg8 25. Qxg6 Qd5 26. h4 a6 27.
Kh2 Qc4 28. Kg3 Qd5 29. f4 b5 30. Re5 Qd6 31. h5 a5 32. Qe4 Kf6 33. c4 g5 34.
hxg6 Rxg6+ 35. Kh3 b4 36. Qe3 a4 37. Rxc5 b3 38. Ra5 bxa2 39. Rxa4 Rg4 40. Qc3+
Kf7 41. Ra7+ Kg8 42. Kxg4 e5 43. Qc2 Qe6+ 44. Qf5 h5+ 45. Kg5 Qxf5+ 46. Kxf5
exf4 47. Kf6 Kh8 48. Kg6 a1=Q 49. Rxa1 h4 50. Ra8# {Hossa checkmated} 1-0

[Event "ICS rated bullet match"]
[Site "204.178.125.65"]
[Date "2001.02.22"]
[Round "?"]
[White "Hossa"]
[Black "JH-Donnol"]
[Result "0-1"]
[WhiteElo "2466"]
[BlackElo "2651"]
[PlyCount "142"]
[EventDate "2001.??.??"]

1. e4 e5 2. Nf3 Nf6 3. d4 Nxe4 4. Bd3 d5 5. Nxe5 Nd7 6. Nxf7 Kxf7 7. Qh5+ Ke7
8. Qxd5 Nef6 9. Bg5 Nb6 10. Qe5+ Kf7 11. O-O Bd6 12. Qa5 h6 13. Be3 Re8 14. Re1
Ng4 15. h3 Nxe3 16. Rxe3 Rxe3 17. Qh5+ Ke7 18. fxe3 Qf8 19. Nc3 Kd8 20. Rf1 Qe7
21. e4 Be6 22. e5 Bb4 23. Ne4 Na4 24. a3 Ba5 25. Qf3 Rc8 26. Nf2 c6 27. b4 Bb6
28. Bf5 Bxf5 29. Qxf5 Nb2 30. c3 Nc4 31. Ng4 Nxa3 32. Qg6 Nc4 33. Kh1 Rc7 34.
Qd3 Qe6 35. Rf8+ Ke7 36. Rh8 Rd7 37. Qh7 Qf7 38. Rg8 Ke6 39. Qh8 Qf1+ 40. Kh2
Qf4+ 41. Kg1 Nxe5 42. Re8+ Re7 43. Nxe5 Bxd4+ 44. cxd4 Qxd4+ 45. Kf1 Qxe5 46.
Qg8+ Kd6 47. Rd8+ Kc7 48. Rc8+ Kb6 49. Qd8+ Ka6 50. Qd3+ Qb5 51. Rd8 Qxd3+ 52.
Rxd3 Kb5 53. Rd4 c5 54. bxc5 Kxc5 55. Rd1 b5 56. Rc1+ Kb6 57. Rc8 b4 58. g4 a5
59. Kg2 b3 60. h4 b2 61. Kf3 b1=Q 62. Rb8+ Rb7 63. Rxb7+ Kxb7 64. Ke3 a4 65.
Kd4 Qb4+ 66. Kd5 Qxg4 67. Ke5 a3 68. h5 a2 69. Kd5 a1=Q 70. Kd6 Qf6+ 71. Kd5
Qgd4# {Hossa checkmated} 0-1

[Event "ICS rated bullet match"]
[Site "204.178.125.65"]
[Date "2001.02.22"]
[Round "?"]
[White "JH-Donnol"]
[Black "Hossa"]
[Result "1-0"]
[WhiteElo "2659"]
[BlackElo "2458"]
[PlyCount "105"]
[EventDate "2001.??.??"]

1. e4 c5 2. Nf3 Nc6 3. d4 cxd4 4. Nxd4 Nf6 5. Nc3 e6 6. Ndb5 d6 7. Bf4 e5 8.
Bg5 a6 9. Na3 Be7 10. Bxf6 Bxf6 11. Nc4 Nd4 12. Nd5 Bg4 13. Qd3 b5 14. Nce3 Bh5
15. c3 Nc6 16. Nxf6+ Qxf6 17. Qd5 Rc8 18. a4 O-O 19. axb5 axb5 20. Ra6 Ne7 21.
Qxd6 Qxd6 22. Rxd6 Rb8 23. Rd7 Rfe8 24. Be2 Bg6 25. Nd5 Nxd5 26. exd5 Bf5 27.
Rd6 Rb7 28. g4 Be4 29. f3 Bg6 30. Ra6 e4 31. O-O e3 32. d6 Bc2 33. Rfa1 f5 34.
Ra7 Rb6 35. d7 Rf8 36. Ra8 Rbb8 37. Rxb8 Rxb8 38. Bxb5 Kf7 39. c4 f4 40. Ra7
Ke6 41. c5 Ke7 42. Bf1 Bd1 43. c6 Rf8 44. d8=Q+ Kxd8 45. Rd7+ Ke8 46. Bb5 e2
47. Kf2 Rf5 48. c7 Rc5 49. Rd5+ Rxb5 50. c8=Q+ Ke7 51. Qc7+ Ke6 52. Rd6+ Ke5
53. Qe7# {Hossa checkmated} 1-0

[Event "ICS rated bullet match"]
[Site "204.178.125.65"]
[Date "2001.02.22"]
[Round "?"]
[White "Hossa"]
[Black "JH-Donnol"]
[Result "1/2-1/2"]
[WhiteElo "2450"]
[BlackElo "2667"]
[PlyCount "144"]
[EventDate "2001.??.??"]

1. e4 e5 2. Nf3 Nc6 3. Bb5 a6 4. Ba4 Nf6 5. O-O Nxe4 6. d4 b5 7. Bb3 d5 8. dxe5
Be6 9. Nbd2 Nc5 10. c3 d4 11. Bxe6 Nxe6 12. cxd4 Ncxd4 13. a4 Be7 14. Nxd4 Nxd4
15. Nb3 Nxb3 16. Qxb3 bxa4 17. Qg3 g5 18. Qf3 O-O 19. Rd1 Qc8 20. Rd2 Qe6 21.
Qc3 Bd6 22. Re2 f6 23. Rxa4 Bxe5 24. Qc2 Rfe8 25. Rae4 Qd5 26. R4e3 Rad8 27.
Re1 Re7 28. Qe2 Qb5 29. Qh5 Rd4 30. g3 Qd7 31. Re4 Rxe4 32. Rxe4 Bxg3 33. Rxe7
Qxe7 34. hxg3 Qe1+ 35. Kg2 Qxc1 36. Qe8+ Kg7 37. Qe7+ Kg6 38. Qe8+ Kg7 39. Qe7+
Kg6 40. Qe8+ Kf5 41. g4+ Kf4 42. Qe6 Qc5 43. Qxf6+ Ke4 44. Qxa6 Ke5 45. Qh6 Qe7
46. Kg3 Kd4 47. Kh3 c5 48. Qc6 c4 49. Kg3 Qe5+ 50. Kh3 Qf4 51. Qd7+ Kc5 52.
Qa7+ Kc6 53. Qa4+ Kd6 54. Qa6+ Ke5 55. Qb5+ Kf6 56. Qc6+ Kg7 57. Qd7+ Qf7 58.
Qxf7+ Kxf7 59. Kg3 Ke6 60. f4 gxf4+ 61. Kxf4 Kd5 62. Kg5 Ke5 63. Kh6 Kf4 64. g5
Kf5 65. Kxh7 Kxg5 66. Kg7 Kf5 67. Kf7 Ke5 68. Ke7 Kd5 69. Kd7 Kc5 70. Ke6 Kd4
71. Kd6 c3 72. bxc3+ Kxc3 {
Game drawn because neither player has mating material} 1/2-1/2

[Event "ICS rated bullet match"]
[Site "204.178.125.65"]
[Date "2001.02.22"]
[Round "?"]
[White "JH-Donnol"]
[Black "Hossa"]
[Result "1-0"]
[WhiteElo "2658"]
[BlackElo "2459"]
[PlyCount "117"]
[EventDate "2001.??.??"]

1. e4 e5 2. Nf3 Nf6 3. Nxe5 d6 4. Nf3 Nxe4 5. Qe2 Qe7 6. d3 Nf6 7. Bg5 Qxe2+ 8.
Bxe2 Be7 9. Nc3 c6 10. O-O O-O 11. Rae1 Be6 12. Nd4 h6 13. Bf4 Na6 14. Bf3 Nc7
15. Nf5 Bxf5 16. Rxe7 Ne6 17. Bxd6 Rad8 18. Bb4 Rb8 19. Bd6 Rbd8 20. Ba3 Rb8
21. Re1 Rfd8 22. Re5 Bg6 23. Ra5 a6 24. Kf1 Kh8 25. Re5 Ng8 26. R5xe6 fxe6 27.
Rxe6 Nf6 28. Bd6 Bf5 29. Rxf6 gxf6 30. Bxb8 Rxb8 31. Ne4 Bxe4 32. Bxe4 Re8 33.
g4 Re7 34. Ke2 Kg7 35. h4 Re8 36. Ke3 b6 37. a4 Re7 38. Kd4 Re6 39. b4 Rd6+ 40.
Kc4 Re6 41. c3 Rd6 42. a5 bxa5 43. bxa5 Kf7 44. Kc5 Ke6 45. d4 Kd7 46. Kb6 Kc8
47. Bxc6 Kb8 48. d5 f5 49. Kxa6 fxg4 50. Kb6 Rg6 51. a6 Kc8 52. a7 Kd8 53.
a8=Q+ Ke7 54. Qe8+ Kf6 55. d6 Rg7 56. Bd5 Rd7 57. Qxd7 g3 58. f4 g2 59. Qf7# {
Hossa checkmated} 1-0

[Event "ICS rated blitz match"]
[Site "204.178.125.65"]
[Date "2001.02.22"]
[Round "?"]
[White "MJL"]
[Black "Hossa"]
[Result "1-0"]
[WhiteElo "2619"]
[BlackElo "2647"]
[PlyCount "83"]
[EventDate "2001.??.??"]

1. d4 d5 2. Nf3 Nf6 3. c4 dxc4 4. Nc3 c6 5. a4 c5 6. e3 cxd4 7. Bxc4 e6 8. Qxd4
Qxd4 9. Nxd4 Bc5 10. Ndb5 Na6 11. O-O O-O 12. Rd1 e5 13. Nd6 Nb4 14. Rd2 Bxd6
15. Rxd6 Bf5 16. b3 Nc2 17. Ra2 Nb4 18. Rad2 Rfc8 19. e4 b5 20. axb5 Nxe4 21.
Nxe4 Bxe4 22. Bb2 h6 23. Rd7 Bg6 24. Bxe5 Re8 25. f4 Bh5 26. Bc3 Re1+ 27. Kf2
Re4 28. Bxb4 Rxf4+ 29. Ke3 Rg4 30. Be7 g5 31. g3 Bg6 32. Bd5 Rc8 33. Rxa7 Bf5
34. Bd6 Rc3+ 35. Kf2 Be6 36. Bxe6 fxe6 37. Bc5 Rc2 38. Rxc2 Rh4 39. gxh4 g4 40.
Bd6 g3+ 41. Kxg3 e5 42. Rc8# {Hossa checkmated} 1-0

[Event "ICS rated bullet match"]
[Site "204.178.125.65"]
[Date "2001.02.22"]
[Round "?"]
[White "Hossa"]
[Black "JH-Donnol"]
[Result "0-1"]
[WhiteElo "2451"]
[BlackElo "2666"]
[PlyCount "106"]
[EventDate "2001.??.??"]

1. e4 e5 2. Nf3 Nc6 3. Bb5 a6 4. Ba4 Nf6 5. O-O Nxe4 6. d4 b5 7. Bb3 d5 8. dxe5
Be6 9. c3 Bc5 10. Nbd2 O-O 11. Qe2 Bf5 12. Nxe4 dxe4 13. Ng5 Nxe5 14. Nxe4 Bg4
15. Qc2 Bb6 16. Bg5 Qd3 17. Bf4 Rfe8 18. Rfe1 Rad8 19. Ng3 Qxc2 20. Bxc2 Ng6
21. Bg5 f6 22. Bb3+ Kf8 23. h3 fxg5 24. hxg4 Ne5 25. Re2 Nxg4 26. Ne4 Nf6 27.
Bc2 g4 28. Kh2 Nh5 29. Bb3 Nf4 30. Ree1 Nd3 31. Re2 c5 32. Rb1 c4 33. Bc2 Kg8
34. Rf1 Nxb2 35. Rfe1 Re5 36. Ng3 Rxe2 37. Rxe2 Nd3 38. Nf5 Bxf2 39. Re7 Rd5
40. Rxg7+ Kf8 41. Rg5 Re5 42. g3 Re2 43. Bd1 Rd2 44. Rxg4 Bd4+ 45. Kh3 Bf6 46.
Rf4 Nxf4+ 47. gxf4 Rxd1 48. Kg4 Bxc3 49. Kg5 Bd4 50. Kh6 Bg7+ 51. Kxh7 Kf7 52.
Ng3 Rd8 53. Nh5 Rh8# {Hossa checkmated} 0-1

[Event "ICS rated bullet match"]
[Site "204.178.125.65"]
[Date "2001.02.22"]
[Round "?"]
[White "JH-Donnol"]
[Black "Hossa"]
[Result "1-0"]
[WhiteElo "2673"]
[BlackElo "2444"]
[PlyCount "73"]
[EventDate "2001.??.??"]

1. d4 e6 2. c4 Bb4+ 3. Bd2 a5 4. Nf3 d6 5. g3 Nd7 6. Bxb4 axb4 7. Qb3 c5 8. Bg2
Ne7 9. O-O b6 10. dxc5 bxc5 11. Rd1 Ra6 12. a4 bxa3 13. Rxa3 Rb6 14. Qc2 Bb7
15. Nc3 Nf6 16. Ra5 Nd7 17. Nb5 Nf6 18. Qd3 Nf5 19. Nh4 Bxg2 20. Nxf5 exf5 21.
Kxg2 O-O 22. Qxf5 Re8 23. e3 Qb8 24. Rda1 Re5 25. Qd3 Ne8 26. Ra8 Qb7+ 27. Kg1
Qc6 28. Rd8 d5 29. Raa8 dxc4 30. Qd5 Qxb5 31. Qxe5 f5 32. Rxe8+ Kf7 33. Qxf5+
Rf6 34. Qh5+ Rg6 35. Qd5+ Kf6 36. Rf8+ Ke7 37. Rf7# {Hossa checkmated} 1-0